| 000 | 01115nam a22001937a 4500 | ||
|---|---|---|---|
| 999 |
_c11880 _d11880 |
||
| 008 | 210408b 2014 ||||| |||| 00| 0 eng d | ||
| 020 | _a9789280115802 | ||
| 082 |
_aColumn - 11 _bIMO |
||
| 100 | _aInternational Maritime Organization | ||
| 245 | _aModel course 7.08 : Electro-technical officer | ||
| 260 |
_aLondon _bIMO _c2014 |
||
| 300 | _avii, 190p. | ||
| 504 | _a"Includes Appendix". | ||
| 520 | _aThis model course aims to meet the mandatory minimum requirements for knowledge, understanding, and proficiency in Table A-III/6 of STCW Code for the function Electrical, Electronic and Control Engineering at the Operational Level, for the function Maintenance and Repair at the Operational Level and the background knowledge to support Controlling the Operation of the Ship and Care for Persons on Board at the Operational Level. | ||
| 650 | _aElectrical, Electronic and control engineering at the operational level | ||
| 650 | _aMaintenance and repair at the operational level | ||
| 650 | _aControlling the operation of the ships and care for persons on board at the operational level | ||
| 942 | _cBK | ||